000 00838nam a22003137a 4500
005 20260429163223.0
008 191128b2011 xxu||||| |||| 00| 0 spa d
020 _a9788441529120
041 _aESP
082 _a371.334 082 R495t
100 _aRice, William
_957077
100 _aSmith Nash, Susan
245 _aTécnicas de enseñanza con Moodle 2.0
260 _aEspaña
260 _bANAYA
260 _c2011
300 _a215 páginas
490 _aTecnologías de la Información
650 _aENSEÑANZA ASISTIDA POR COMPUTADORA
650 _aPROGRAMAS PARA COMPUTADORA
650 _aTECNOLOGÍA EDUCATIVA
650 _aMOODLE 2.0
650 _aCURSO EN LÍNEA
650 _aMATERIAL DIDÁCTICO
650 _aACTIVIDADES COLABORATIVAS
650 _aEVALUACIÓN
650 _aCONSULTA
942 _cBK
_2ddc
999 _c12516
_d12516